000 00699nam a22002057a 4500
999 _c12654
_d12654
003 AR-CdUCM
008 190409b ||||| |||| 00| 0 spa d
040 _aMUNICIPALIDAD PROVINCIAL DEL CUSCO
_cBIBLIOTECA MUNICIPAL DEL CUSCO
082 _a869.55 /
_bZ9 / 1933
100 _aPalma, Angélica
_925667
245 _aRicardo Palma /
260 _aRio de Janeiro :
_bTor.
_c1933.
300 _a156 páginas :
_c19 cm.
505 _aContenido : La república niña -- Nuestro románticos -- Mar proceloso -- Hacia el puerto -- Aventuras políticas ...
650 _aLiteratura
_983
650 _aBrasileña
_929823
650 _aAmericana
_924541
942 _2ddc
_cLIBROS
945 _arah
_d09/04/2019